50 años: Compañía de Refinería de Azúcar de Viña del Mar, 1887-1937
Сохранить в:
| Главный автор: | |
|---|---|
| Соавтор: | |
| Формат: | |
| Язык: | испанский |
| Опубликовано: |
Valparaíso
Imprenta Universo
1937
|
| Редактирование: | 1a. ed |
| Предметы: | |
| Метки: |
Добавить метку
Нет меток, Требуется 1-ая метка записи!
|
MARC
| LEADER | 00000nam a2200000 a 4500 | ||
|---|---|---|---|
| 001 | UCJ5024 | ||
| 003 | CL-VaPUC | ||
| 008 | 070124e19370000CL |||||||||||||||||spa|d | ||
| 082 | 0 | 4 | |a 983 |b SAN |2 21 |
| 100 | 0 | |a Santa María M., Raul |e author |9 509696 | |
| 110 | |a Compañía de Refinería de Azúcar de Viña del Mar (CRAV) |e author |9 509697 | ||
| 245 | 1 | 0 | |a 50 años: Compañía de Refinería de Azúcar de Viña del Mar, 1887-1937 |
| 250 | |a 1a. ed | ||
| 300 | |a 58 p | ||
| 942 | |c BK | ||
| 945 | |d 20070124 00:00:00 |a rinostro | ||
| 260 | |a Valparaíso |b Imprenta Universo |c 1937 | ||
| 500 | |a Front., fotografía del fundador; numerosas fotografías | ||
| 650 | 0 | |a Industria alimentaria |9 331702 | |
| 650 | 7 | |a AZUCAR |2 CL-VaPUC |9 375969 | |
| 650 | 0 | |a Historia local |9 266584 | |
| 650 | 0 | |a Iconografía |9 267998 | |
| 651 | 0 | |a Viña del Mar |9 327030 | |
| 651 | 0 | |a Valdivia (Chile) |9 268941 | |
| 651 | 0 | |a Penco |9 509698 | |
| 651 | 0 | |a Valparaíso, Chile |9 261144 | |
| 583 | |a last modification |c 20160923 12:53:47 |k Rodrigo Vera | ||
| 999 | |c 321137 |d 321135 | ||
| 952 | |0 0 |1 0 |4 0 |6 983_000000000000000_SAN_1937 |7 0 |8 X |9 399807 |a FDOBUD |b FDOBUD |d 2019-11-22 |i 1028995 |o 983 SAN 1937 |p 1028995 |r 2019-11-22 |w 2019-11-22 |y BK_X |k BUD | ||